Culture générale ! Une image... Un des... (28) - Statistiques

Statistiques générales
  • Ce quiz a été pris 116 fois
  • Le résultat moyen est 16 sur 20
Statistiques - réponses
Par images Hint Réponse % Correct
drapeaux Brésil
100%
animaux d'Afrique lion
99%
personnages de fiction Robin des Bois
99%
dirigeants russes Vladimir Poutine
99%
scientifiques Albert Einstein
98%
fruits citron
96%
bonbons réglisse
95%
végétaux trèfle
95%
joueurs de tennis Rafael Nadal
94%
fruits secs noix de cajou
91%
plats espagnols gaspacho
81%
villes d'Italie Florence
75%
insectes mante religieuse
75%
pays d Europe Autriche
70%
fleuves d Europe Danube
65%
personnage de Disney Rémi
60%
reine d'Angleterre Elisabeth
59%
drapeaux de pays Somalie
46%
lévriers lévrier {afghan}
45%
instruments de musique balalaika
13%
Aucun quiz correspondant
Distribution des résultats
% des personnes avec chaque résultat
Percentile par nombre de réponses
Votre historique - résultats
Vous n’avez pas pris ce quiz